Efectos de la cantidad y frecuencia alimentaria de una dieta experimental sobre la tasa de crecimiento de un ejemplar juvenil de Crocodylia: Crocodylidae (Registro nro. 14804)

Detalles MARC
000 -CABECERA
Campo de control 004060000a22001090004500
090 ## - CLASIFICACIÓN LOCAL
Colección AS
Consecutivo Seriadas
041 0# - IDIOMA
Código de idioma para texto/pista de sonido o título separado
100 1# - ASIENTO PRINCIPAL--NOMBRE PERSONAL
Nombre personal Ramírez Perilla, Jaime A.
245 10 - MENCION DE TITULO
Título Efectos de la cantidad y frecuencia alimentaria de una dieta experimental sobre la tasa de crecimiento de un ejemplar juvenil de Crocodylia: Crocodylidae
773 1# - Item fuente:
Título Caldasia
Especificación de materiales 45
Descripción física 79
Paginas del Articulo 531-538
Lugar, editorial y fecha de publicación 1991
Información sobre la relación 16
942 ## - ELEMENTOS ADICIONALES (KOHA)
Tipo de ítem Artículo

No hay ítems disponibles.